| 000 | 00607nam a2200241Ia 4500 | ||
|---|---|---|---|
| 003 | OSt | ||
| 005 | 20220928112640.0 | ||
| 006 | a|||||r|||| 00| 0 | ||
| 007 | ta | ||
| 008 | 220927b |||||||| |||| 00| 0 eng d | ||
| 024 | _a116077 | ||
| 037 | _cTextual | ||
| 040 |
_aSDCL _cSDCL _beng |
||
| 041 |
_2eng _aeng |
||
| 082 | _aX:8G, P6 | ||
| 100 |
_aGrewal T. S _9374028 |
||
| 245 | 0 |
_aDouble entry book keeping _b Final accounting. |
|
| 250 | _aEdition of 2006 | ||
| 260 | _c2006 | ||
| 300 |
_av,1.1-16.18p _ccm. |
||
| 942 |
_hX:8G, P6 _cTEXL _2CC |
||
| 999 |
_c745582 _d745582 |
||